000
00250 a2200109 4500
001
51227
040
_c
Anchieta - Pituba
240
1
0
_a
Aula da Paixão 2014
_l
245
1
0
_a
Aula da Paixão 2014
650
4
_a
Línguas espanhola e portuguesa
942
_c
MX
999
_c
51227
_d
51227